how fast can you type - Statistics

General Stats
  • This quiz has been taken 1,364 times
    1,363 since last reset
  • The average score is 14 of 15
Answer Stats
Hint Answer % Correct
what what
100%
good good
99%
amazing amazing
98%
hurry hurry
98%
would would
98%
cool cool
97%
was was
97%
because because
96%
have have
96%
how how
96%
try try
96%
cannot cannot
95%
keep keep
95%
luck luck
94%
supercalafrachalisticxpaladoshes supercalafrachalisticxpaladoshes
62%
No matching quizzes found
Score Distribution
Percent of People with Each Score
Percentile by Number Answered
Your Score History
You have not taken this quiz since the last reset